000 00365nam a2200157Ia 4500
008 230711s9999||||xx |||||||||||||| ||und||
041 _aENG
082 _a720
_bMC-P
100 _aMccluskey J
245 2 _aA parking HS of environmental design
250 _a1st
260 _c1987
_aNew Jersy
_bEXFN Stron
300 _a278
650 _aArchitecture
942 _cBK
999 _c2836
_d2836